| 000 | 01273nam a2200205 u 4500 | ||
|---|---|---|---|
| 001 | 000344331 | ||
| 003 | AM-YeHGA | ||
| 005 | 20250617131151.0 | ||
| 008 | 040617s2000 ||| r 000 0 rus d | ||
| 040 | _aAM-YeHGA | ||
| 041 | 0 | _arus | |
| 245 | 0 | 0 |
_aДоминантные механизмы поведенческих адаптаций : _b(Клеточ. и систем. уровни физиол. адаптаций) : Внутривуз. конф. 15-17 окт. 1990 г. : Тез. докл. / _cМ-во высш. и сред. спец. образования РСФСР. ЛГУ. Физиол. НИИ им. А.А. Ухтомского ; Редкол.: В.П. Галанцев (отв. ред.) и др. |
| 260 |
_aЛенинград : _bБ. и. |
||
| 505 | 1 |
_gВып. 1 (1990 ; 68 с.); _gВып. 2 (1990 ; 68 с.) |
|
| 653 | 0 | _aАдаптация - Физиологические основы - Тезисы докладов | |
| 653 | 0 | _aАдаптация - Психофизиологические основы - Тезисы докладов | |
| 700 | 1 |
_aГаланцев, В.П. _eред. _4edt |
|
| 710 | 2 | _aФизиологический научно-исследовательский инcтитут им. А.А. Ухтомского | |
| 090 | _c132376 | ||
| 999 |
_c131010 _d131010 |
||